000
00291nam a22001337a 4500
008
170831b xxu||||| |||| 00| 0 eng d
020
_a
9780205286225
041
_a
eng
080
_2
2ND
_a
070
100
_a
40
101
_a
MED
245
_a
REACHING AUDIENCES
_c
YOPP,J,J
942
_2
udc
_c
BK
999
_c
25796
_d
25796